France, Germany, Italy, Spain, or UK - Statistics

General Stats
  • This quiz has been taken 255 times
  • The average score is 13 of 15
Answer Stats
Hint Answer % Correct
Which ones capital is Berlin? Germany
97%
Where is the Eiffel Tower located? France
96%
Which ones capital is Rome? Italy
96%
Where is the Colosseum located? Italy
96%
Which ones capital is Madrid? Spain
96%
Which ones capital is Paris? France
95%
In which of these countries is Frankfurt Located? Germany
95%
Which ones capital is London? UK
93%
Where is the Brandenburg Gate located? Germany
91%
Where is Sagrada Família located? Spain
82%
Which one of these countries has the highest GDP? Germany
74%
Which of these countries has the most population? Germany
68%
Which one of them is the largest? France
65%
Which one of them is the smallest? UK
64%
Which one of these countries has the least population? Spain
60%
No matching quizzes found
Score Distribution
Percent of People with Each Score
Percentile by Number Answered
Your Score History
You have not taken this quiz